Statystyki dla Najdłuższe ulice w Warszawie

Kliknij tutaj aby rozwiązać quiz!

Ogólne statystyki

  • Ten quiz został rozwiązany 75 razy
  • Średni wynik to 3 z 10

Statystyki odpowiedzi

OdpowiedźDługość% Poprawnych
Puławska12,2 km
84%
Aleje Jerozolimskie11,9 km
83%
Wał Miedzeszyński14,5 km
53%
Modlińska9,4 km
28%
Toruńska7,5 km
17%
Trakt Lubelski9,7 km
17%
Wybrzeże Gdyńskie7,2 km
14%
Płochocińska7,8 km
13%
Patriotów6,8 km
5%
Wał Zawadowski9,5 km
0%

Rozkład punktacji

Percentyl według liczby udzielonych odpowiedzi

Procent ludzi z każdym wynikiem

Twoja historia wyników

Nie rozwiązałeś tego quizu